| 000 | 00731nam a2200229 a 4500 | ||
|---|---|---|---|
| 001 | 3060799 | ||
| 005 | 20180118050549.0 | ||
| 008 | 960531s1997 enka b 001 0 eng | ||
| 010 | _a 96155227 | ||
| 020 | _a1897635184 | ||
| 040 |
_aDLC _cDLC |
||
| 041 | _aeng | ||
| 080 | _a616.855027 BAL | ||
| 082 | 0 | 0 |
_a616.855027 BAL _221 |
| 100 | _a9 | ||
| 101 | _aPAT | ||
| 245 | 0 | 0 |
_aInstrumental clinical phonetics / _cedited by Martin J. Ball and Chris Code. |
| 504 | _aIncludes bibliographical references and index. | ||
| 906 |
_a7 _bcbc _corignew _d3 _encip _f19 _gy-gencatlg |
||
| 942 |
_2ddc _cBK |
||
| 999 |
_c40458 _d40458 |
||